| 000 | 00558nam a22001817a 4500 | ||
|---|---|---|---|
| 005 | 20160826123022.0 | ||
| 010 | _aENG-115880 | ||
| 020 |
_a9789381325551 _c250.00 |
||
| 035 | _aEN-99312 | ||
| 037 | _bDBAD/PUB | ||
| 082 | _a954 | ||
| 245 |
_aIndian cultural unity a reappraisal / _cedited by Sabyasachi Bhattacharya |
||
| 260 |
_aKolkata _bRamakrishna Mission Institute of Culture _c2014 |
||
| 270 |
_aGol Park _bKolkata _e700029 |
||
| 300 |
_aix,361p. : _c21cm(Hb) |
||
| 700 | _aBhattacharya,Sabyasachi | ||
| 942 |
_2ddc _cEN _h954 _mIND |
||
| 999 |
_c102447 _d102447 |
||